[Event "Mechanics' Shipman TNM; G/2 d/5"]
[Site "San Francisco"]
[Date "2018.09.04"]
[Round "5.6"]
[White "Anderson, Michael"]
[Black "Traub, Igor Vladim"]
[Result "0-1"]
[WhiteElo "1903"]
[BlackElo "2165"]
[Annotator "Winslow,Elliott"]
[PlyCount "68"]
[EventDate "2018.??.??"]
[Source "ChessBase"]
[SourceDate "2007.09.04"]

1. e4 d6 2. d4 Nf6 3. Nc3 g6 4. Be3 Bg7 5. Bd3 Nc6 6. Nf3 O-O 7. h3 e5 8. d5
Ne7 9. Ne2 {[#]} Nxe4 10. Bxe4 f5 11. Nc3 fxe4 12. Nxe4 Bf5 13. Nc3 c6 14. g4
Bxc2 15. Qxc2 Rxf3 16. Qe4 {[#]} Rxe3+ {(A bit too much!)} ({Just} 16... Rf7) (
{or} 16... Rf8) 17. fxe3 cxd5 18. Nxd5 Qa5+ 19. Nc3 d5 20. b4 $2 (20. Qd3 e4 (
20... d4 $6 21. Qb5)) 20... Qd8 21. Qd3 e4 {(Black is taking over)} 22. Qd2 Rc8
(22... Qd6 $19) 23. Rc1 Qd6 24. Ne2 Rxc1+ $2 (24... Rf8 $17) 25. Nxc1 $2 (25.
Qxc1 Qxb4+ 26. Kf2) 25... Nc6 $17 26. a3 $2 (26. Qf2 Ne5 27. O-O) 26... Ne5 27.
O-O Nf3+ 28. Rxf3 exf3 29. Qf2 Qc6 30. Qd2 Qd6 31. Qf2 Qc7 32. Nd3 Qc4 33. Nf4
g5 34. Ne6 Qc1+ 0-1

[Event "Mechanics' Walter Shipman TNM G/2 d/5"]
[Site "San Francisco"]
[Date "2018.10.02"]
[Round "9.8"]
[White "Anderson, Michael"]
[Black "Vickers, Keith"]
[Result "0-1"]
[WhiteElo "1903"]
[BlackElo "2200"]
[PlyCount "50"]
[EventDate "2018.??.??"]
[Source "ChessBase"]
[SourceDate "2007.09.04"]

1. e4 d5 2. exd5 Qxd5 3. Nc3 Qd6 4. d4 Nf6 5. Bc4 c6 6. Nge2 Bf5 7. Bf4 Qb4 8.
Bb3 e6 9. O-O Qa5 10. Ng3 Bg6 11. Re1 Be7 12. d5 cxd5 13. Bxb8 Rxb8 14. f4 O-O
$19 15. Kh1 Bb4 16. Re5 Bxc3 17. bxc3 Qxc3 18. Ne2 Qc7 19. Qd4 a6 20. h4 Rbc8
21. g4 Qc5 22. f5 exf5 23. gxf5 Bh5 24. Qxc5 Bf3+ 25. Kg1 Rxc5 {Here Vickers'
scoresheet falls apart (Anderson's didn't make it to move 20). And Black won,
around move 43.} 0-1

[Event "Mechanics' Summer TNM; G/2 d5"]
[Site "San Francisco"]
[Date "2018.06.26"]
[Round "5.9"]
[White "Anderson, Michael"]
[Black "Walder, Michael S"]
[Result "0-1"]
[WhiteElo "1905"]
[BlackElo "2064"]
[PlyCount "64"]
[EventDate "2018.??.??"]
[Source "ChessBase"]
[SourceDate "2007.09.04"]

1. e4 c5 2. d4 cxd4 3. c3 dxc3 4. Nxc3 Nc6 5. Nf3 d6 6. Bc4 a6 7. O-O Nf6 8.
Qe2 Bg4 9. Rd1 e6 10. Bf4 Nh5 (10... Qb8) 11. Qe3 Nxf4 12. Qxf4 Bxf3 13. gxf3
h6 14. Qg3 Qg5 15. f4 Qxg3+ 16. fxg3 Be7 17. f5 b5 18. Nxb5 axb5 19. Bxb5 Kd7
20. Rac1 Rhc8 21. Rxc6 Rxc6 22. Rc1 Rac8 23. b4 exf5 24. a4 fxe4 25. a5 d5 26.
a6 Kd6 27. Bxc6 Rxc6 28. Ra1 Rc8 29. b5 Bd8 30. Kf1 Bb6 31. a7 Ra8 32. Ra6 Kc5
0-1

[Event "Mechanics' Bedjanian TNM; G/2 d/5"]
[Site "San Francisco"]
[Date "2018.12.04"]
[Round "7.7"]
[White "Anderson, Michael"]
[Black "Winslow, Elliott C"]
[Result "0-1"]
[WhiteElo "1904"]
[BlackElo "2308"]
[Annotator "Winslow,Elliott"]
[PlyCount "42"]
[EventDate "2018.??.??"]
[Source "ChessBase"]
[SourceDate "2007.09.04"]

1. e4 d6 2. d4 Nf6 3. Nc3 g6 4. Nf3 Bg7 5. h3 O-O 6. Be3 a6 (6... c6 7. a4 Qc7
8. Be2 e5 9. O-O (9. dxe5) 9... exd4 10. Nxd4 (10. Bxd4) 10... Re8 11. Bf3 (11.
f3 d5 12. Qd2 (12. Bd3 $2 Bxh3)) (11. Bd3 d5 $5 (11... Nbd7) 12. exd5 Bxh3 $1)
11... Nbd7 12. Nde2 $146 Ne5 13. Ng3 Nxf3+ {
0-1 (47) Anderson,M (1900)-Winslow, E (2285) BCS 2018 [Winslow,Elliott]}) 7. a4
{Anderson - Winslow, 2018.12.04} (7. Bd3) (7. e5) (7. Qd2 b5 8. Bd3 Bb7 9. a3
Nbd7 10. Bh6 e5 11. d5 c6 {
1-0 (52) Lee,M (2301)-Winslow,E (2309) Berkeley Weekender 2018.10.14}) 7... b6
(7... Nc6) (7... d5) 8. e5 $5 $146 (8. Bc4 Bb7 9. e5 Ne4 10. Nxe4 Bxe4 11. Ng5
Bxg2 12. Rg1 Bc6 13. Qg4 e6 14. O-O-O Nd7 15. h4 dxe5 16. dxe5 Qe7 17. Rxd7
Bxd7 18. h5 f5 19. Qh3 f4 20. hxg6 Bxe5 21. Nxe6 Bxe6 22. Bxe6+ Kg7 23. gxh7+ {
1-0 (23) Spassky,B (2615)-Seirawan,Y (2525) Zuerich 1984}) 8... Nfd7 $5 (8...
dxe5 9. dxe5 Nfd7 10. Qd5 c6 11. Qe4 $14) 9. e6 $5 fxe6 10. Bc4 (10. h4 $1)
10... Nf6 (10... d5 $2 11. Nxd5) 11. d5 e5 12. Ng5 $6 h6 13. Nge4 Qe8 (13...
Nbd7) 14. Qd2 Kh7 15. g4 $2 (15. h4 Nh5 16. Bd3 Nf4) 15... Nxe4 16. Nxe4 Nd7
17. Ra3 $6 Nf6 18. Ng3 Bd7 (18... e6) 19. Bd3 (19. g5 hxg5 20. Bxg5 b5 $17)
19... Nxd5 20. Be4 Nxe3 21. Rxe3 Bc6 0-1

[Event "Mechanics' Bedjanian TNM; G/2 d/5"]
[Site "San Francisco"]
[Date "2018.11.20"]
[Round "5.14"]
[White "Anderson, Michael"]
[Black "Yun, Andrew"]
[Result "1/2-1/2"]
[WhiteElo "1904"]
[BlackElo "1700"]
[Annotator "Winslow,Elliott"]
[PlyCount "109"]
[EventDate "2018.??.??"]
[Source "ChessBase"]
[SourceDate "2007.09.04"]

1. e4 c5 2. d4 cxd4 3. c3 dxc3 4. Nxc3 e6 5. Nf3 Nc6 6. Bc4 Nge7 7. Bg5 f6 8.
Nb5 (8. Be3) 8... Ng6 9. Be3 a6 10. Nd6+ Bxd6 11. Qxd6 b5 12. Be2 (12. Bb3 Bb7
13. O-O Rc8 14. Rac1 Qe7 15. Qd2 Kf7 16. Bc5 Qd8 17. Rfd1 Nce5 18. Nd4 Bxe4 19.
Qe3 Bb7 20. Nxe6 dxe6 21. Rxd8 Rhxd8 22. Qh3 h6 23. Bxe6+ {
1-0 (23) Benz, U-Bissig,M Adelboden 2005}) 12... Qe7 13. Bc5 O-O 14. h4 Bb7 15.
h5 Qxd6 16. Bxd6 Nge7 17. Rd1 Rf7 18. Rh3 Nc8 19. Bc5 d6 20. Bxd6 Nxd6 21. Rxd6
e5 22. Nd2 (22. Bd1 $14) 22... Nb4 23. Bg4 Bc8 24. Bxc8 Rxc8 25. a3 Nc2+ 26.
Kd1 a5 27. Rb3 Rfc7 28. Nf3 b4 29. axb4 Nxb4 30. Ke2 Kf7 31. g4 Ke7 32. Rd2 Rc4
33. Re3 a4 34. Nh4 Nc2 35. Nf5+ Kf8 36. Nd6 Nxe3 37. Nxc8 Nxg4 38. Rd8+ Kf7 39.
Nd6+ Ke7 40. Nxc4 Kxd8 41. Nb6 f5 42. exf5 Nf6 43. h6 gxh6 44. Nxa4 Ke7 45. f3
Nd5 46. Kd3 h5 47. Ke4 h4 48. Nc5 Nf4 49. Kxe5 h3 50. Ne4 Nd3+ 51. Kd4 Nxb2 52.
Ke3 h2 53. Ng3 h5 54. Kf2 h4 55. Nh1 1/2-1/2

[Event "Mechanics' Summer TNM; G/2 d/5"]
[Site "San Francisco"]
[Date "2018.06.12"]
[Round "3.2"]
[White "Anderson, Michael G"]
[Black "Winslow, Elliott C"]
[Result "0-1"]
[WhiteElo "1905"]
[BlackElo "2299"]
[Annotator "Winslow,Elliott"]
[PlyCount "82"]
[EventDate "2018.??.??"]
[Source "ChessBase"]
[SourceDate "2007.09.04"]

1. e4 d6 2. d4 Nf6 3. Nc3 g6 4. Nf3 Bg7 5. Be3 O-O 6. Qd2 c6 7. Bd3 Nbd7 8. Bh6
e5 9. Bxg7 Kxg7 10. dxe5 dxe5 11. O-O Qe7 12. Qg5 h6 13. Qh4 Re8 14. g4 Nc5 15.
h3 Nfd7 $15 16. Qg3 f6 17. Rad1 g5 18. Rd2 Nf8 19. Rfd1 Ng6 20. Bf1 $6 {
Mike gave this "?" as per Komodo's analysis.} Be6 ({And Stockfish considers} 
20... b5 21. b4 Nb7 {squarely better}) 21. Bg2 $6 {
Cozy but now out of play -- along with his queen in a way...} a5 {
An unnecessary securement.} 22. Ne1 (22. Nh2) 22... Nf4 (22... Rad8) 23. Qe3 b6
24. b3 $6 {The "forest for the trees" effect!} (24. Ne2) 24... h5 25. f3 {
Completing the rot -- all his pawns on the color of his bishop. Anything but
that!} Rad8 (25... Rh8 $5) 26. Ne2 Rxd2 27. Rxd2 (27. Qxd2 $142) 27... Rd8 {
I was paranoid about trouble on the d-file Now for a triple oversight:} 28. Bf1
$4 {Admittedly the end of the line, but two question marks might be a bit harsh
} (28. Rxd8 Qxd8 29. Nxf4 exf4 30. Qc3 Qd6 31. Bf1 Nd7 32. Nd3 h4 $17 {
but no clear win}) 28... hxg4 $6 ({I could play the winning idea right now:} 
28... Rxd2 29. Qxd2 Nxe4 $1 30. Qe3 {Even better is} (30. fxe4 Qc5+ 31. Kh2
Qf2+ 32. Ng2 Nxg2 $1 (32... Qxf1 $2 33. Ng3 $1 Qxg2+ 34. Qxg2 Nxg2 35. Nxh5+
Kf7 36. Kxg2) 33. Bxg2 hxg4 $19) 30... Nc5 (30... Qc5 31. Qxc5 Nxc5 32. Nxf4
exf4 (32... gxf4)) 31. Qf2 h4 (31... hxg4) (31... f5)) 29. fxg4 $4 (29. Rxd8
gxf3 $1 (29... Qxd8 30. hxg4 $17) 30. Rd1 (30. Rd2 fxe2 $19 31. Bxe2 (31. Rxe2)
31... Nxe4 $1 32. Qxe4 Qc5+ 33. Kh2 Bd5 34. Rxd5 Qf2+ 35. Ng2 cxd5) 30... fxe2
$19 31. Bxe2 Nxh3+ 32. Kh2 Nf4 33. Nd3 Ncxd3 34. Bxd3 Qe8 35. Rd2 Qg6 36. Qg3
Qh5+ 37. Kg1 Bf7 38. Bf1 Bg6 39. Qe3 Qg4+ 40. Bg2 Nxg2 41. Rxg2 Qxe4 42. Qxe4
Bxe4 43. Rd2 Kg6 44. Rd7 Bxc2 45. Rb7 b5 46. Rc7 Be4) (29. hxg4 Rxd2 30. Qxd2
Nxe4 31. fxe4 Qc5+ 32. Kh1 Qf2 33. Ng2 Qxf1+ 34. Ng1 Nh3 35. Qe1 Nf2+ 36. Kh2
Qxe1 37. Nxe1 Nxe4 38. Kh3 Nf2+ 39. Kg3 Nxg4) 29... Rxd2 30. Qxd2 Nxe4 31. Qe3
Qc5 {I believe in my endgame technique, but the knight was untakable} 32. Qxc5
Nxe2+ $6 (32... Nxc5) 33. Bxe2 Nxc5 34. c4 Kf7 35. Bf3 Bd7 36. Kf2 Ke7 37. Ke3
Kd6 38. Ng2 f5 39. gxf5 Bxf5 40. h4 gxh4 41. Nxh4 Bb1 0-1

[Event "Mechanics' Shipman TNM; G/2 d/5"]
[Site "San Francisco"]
[Date "2018.09.11"]
[Round "6.26"]
[White "Andries, W Craig"]
[Black "Harrigan, Joseph C"]
[Result "1-0"]
[WhiteElo "1808"]
[BlackElo "1287"]
[PlyCount "89"]
[EventDate "2018.??.??"]
[Source "ChessBase"]
[SourceDate "2007.09.04"]

1. Nf3 Nf6 2. g3 d5 3. d3 c6 4. Bg2 Bf5 5. O-O h6 6. Nc3 e6 7. Nd4 Bh7 8. e4
Nbd7 9. exd5 cxd5 10. Qe2 Bc5 11. Nb3 O-O 12. Nxc5 Nxc5 13. Bf4 Ncd7 14. Rad1
Re8 15. Bc1 Rb8 16. Rfe1 a6 17. h3 b5 18. Qf3 Qc7 19. Rd2 Qa5 20. a3 b4 21.
axb4 Qxb4 22. Rde2 a5 23. Nd1 Qb5 24. g4 Bg6 25. Qg3 Qa4 26. b3 Qb5 27. Nc3 Qc6
28. Na4 Nc5 29. Nxc5 Qxc5 30. Bf4 Rbc8 31. Ra1 Qb4 32. Ra4 Qb5 33. Bc7 Ra8 34.
Qf3 Rec8 35. Be5 Nd7 36. Bd4 Nc5 37. Bxc5 Qxc5 38. h4 Bh7 39. g5 hxg5 40. hxg5
d4 41. Qf4 Ra7 42. Re5 Qxc2 43. Qxd4 Qc1+ 44. Kh2 Qc3 45. Rc4 1-0

[Event "Mechanics' Vartan Bedjanian TNM; G/2 d/"]
[Site "San Francisco"]
[Date "2018.11.07"]
[Round "3.32"]
[White "Ansari, Jahaan"]
[Black "Chea, Na"]
[Result "0-1"]
[WhiteElo "882"]
[BlackElo "1626"]
[PlyCount "60"]
[EventDate "2018.??.??"]
[Source "ChessBase"]
[SourceDate "2007.09.04"]

1. d4 d5 2. c4 c6 3. Nc3 Nf6 4. Nf3 Bf5 5. e3 e6 6. cxd5 exd5 7. Be2 Bd6 8. O-O
O-O 9. Bd2 Re8 10. Rc1 Nbd7 11. Qb3 Rb8 12. Rfe1 h6 13. h3 Nf8 14. Na4 Qd7 15.
Ne5 Qc8 16. g4 Bxe5 17. dxe5 Nxg4 18. e4 Nxf2 19. exf5 Ne4 20. e6 Nxd2 21.
exf7+ Kxf7 22. Bh5+ Kg8 23. Rxe8 Qxf5 24. Rxb8 Nxb3 25. axb3 Qg5+ 26. Kh2 Qxc1
27. Rxb7 Qf4+ 28. Kg1 Qg5+ 29. Bg4 h5 30. h4 Qxg4+ 0-1

[Event "Mechanics' Bedjanian TNM; G/2 d/5"]
[Site "San Francisco"]
[Date "2018.12.18"]
[Round "9.26"]
[White "Ansari, Jahaan"]
[Black "Francis, Daniel"]
[Result "1-0"]
[WhiteElo "882"]
[BlackElo "1594"]
[PlyCount "53"]
[EventDate "2018.??.??"]
[Source "ChessBase"]
[SourceDate "2007.09.04"]

1. d4 e6 2. c4 f5 3. Nc3 Nf6 4. Bg5 Bb4 5. e3 h6 6. Bf4 Bxc3+ 7. bxc3 b6 8. Be2
O-O 9. Nf3 Ne4 10. Qb3 Bb7 11. d5 g5 12. Be5 d6 13. dxe6 Nc5 14. Qc2 dxe5 15.
Rd1 Qf6 16. Rg1 Qxe6 17. g4 f4 18. exf4 Bxf3 19. Bxf3 exf4+ 20. Kf1 c6 21. h4
Qxc4+ 22. Kg2 Qf7 23. hxg5 hxg5 24. Rh1 Nbd7 25. Bxc6 Rad8 26. Bd5 Ne6 27. Bxe6
1-0

[Event "Mechanics' Bedjanian TNM; G/2 d/5"]
[Site "San Francisco"]
[Date "2018.11.20"]
[Round "5.26"]
[White "Ansari, Jahaan"]
[Black "Newey, Richard"]
[Result "1-0"]
[WhiteElo "882"]
[BlackElo "1600"]
[PlyCount "37"]
[EventDate "2018.??.??"]
[Source "ChessBase"]
[SourceDate "2007.09.04"]

1. d4 Nf6 2. Nf3 d5 3. c4 e6 4. Nc3 Nbd7 5. e3 b6 6. cxd5 exd5 7. Bd3 Bb7 8.
O-O Be7 9. Qc2 Rc8 10. Nb5 c6 11. Nc3 O-O 12. Bd2 Re8 13. Ne5 c5 14. Nxd7 Nxd7
15. Bxh7+ Kf8 16. Bf5 cxd4 17. exd4 Bd6 18. Qd3 a6 19. Qh3 1-0

[Event "Mechanics' Bedjanian TNM; G/2 d/5"]
[Site "San Francisco"]
[Date "2018.12.04"]
[Round "7.24"]
[White "Ansari, Jahaan"]
[Black "Robeal, Rafik"]
[Result "0-1"]
[WhiteElo "882"]
[BlackElo "1667"]
[Annotator "Winslow,Elliott"]
[PlyCount "50"]
[EventDate "2018.??.??"]
[Source "ChessBase"]
[SourceDate "2007.09.04"]

1. d4 d5 2. c4 c6 3. Nc3 (3. Nf3 dxc4) 3... dxc4 4. e3 (4. a4 $1) 4... b5 5. a4
Qb6 6. axb5 cxb5 7. Qh5 Bd7 8. Nf3 Nf6 9. Nd5 Nxd5 10. Qxd5 Bc6 11. Qh5 Nd7 12.
Ng5 g6 13. Qd1 e6 14. Bd2 a5 15. b3 Be7 16. Nf3 cxb3 17. Qxb3 O-O 18. Be2 a4
19. Qd3 Rfb8 20. O-O b4 21. Rab1 b3 22. Bc3 Nf6 23. Ne5 Be4 24. Nd7 Qb7 25.
Nxf6+ Bxf6 0-1

[Event "Mechanics' Bedjanian TNM; G/2 d/5"]
[Site "San Francisco"]
[Date "2018.11.13"]
[Round "4.16"]
[White "Argo, Guy"]
[Black "Bayaraa, Timothy"]
[Result "1-0"]
[WhiteElo "1912"]
[BlackElo "1075"]
[PlyCount "47"]
[EventDate "2018.??.??"]
[Source "ChessBase"]
[SourceDate "2007.09.04"]

1. e4 e5 2. f4 Nc6 3. Nc3 Bc5 4. fxe5 d6 5. Nf3 dxe5 6. Bb5 Nge7 7. Nxe5 O-O 8.
Bxc6 Nxc6 9. Nxc6 Qf6 10. d4 bxc6 11. dxc5 Ba6 12. Qf3 Qe5 13. Bf4 Qxc5 14.
Bxc7 Rae8 15. O-O-O Qg5+ 16. Bf4 Qf6 17. Bd6 Qg5+ 18. Kb1 f5 19. Bxf8 Rxf8 20.
e5 Rb8 21. Qxc6 Bb7 22. Qc7 Re8 23. Qxb7 Rxe5 24. Qb8+ 1-0

[Event "Mechanics' Bedjanian TNM; G/2 d/5"]
[Site "San Francisco"]
[Date "2018.12.04"]
[Round "7.6"]
[White "Argo, Guy"]
[Black "Boldi, Ethan Kazanjian"]
[Result "0-1"]
[WhiteElo "1912"]
[BlackElo "2084"]
[PlyCount "72"]
[EventDate "2018.??.??"]
[Source "ChessBase"]
[SourceDate "2007.09.04"]

1. e4 e6 2. d4 d5 3. e5 c5 4. c3 Nc6 5. Nf3 Qb6 6. a3 a5 7. a4 Bd7 8. Be2 cxd4
9. cxd4 Bb4+ 10. Nc3 Nge7 11. O-O O-O 12. Bb5 Rac8 13. Ne2 Nf5 14. Bd3 Nce7 15.
g4 Nh6 16. Bxh6 gxh6 17. Qb1 Ng6 18. Rc1 Be7 19. h4 Kh8 20. Rxc8 Rxc8 21. h5
Nh4 22. Nxh4 Bxh4 23. Bxh7 Rc4 24. Qd3 Bxa4 25. Qf3 Kg7 26. Bd3 Rb4 27. Qe3 Bb5
28. f4 Bxd3 29. Qxd3 Rxb2 30. f5 Bg5 31. f6+ Kg8 32. Qc3 Rxe2 33. Qc8+ Kh7 34.
Rd1 Qb2 35. Qf8 Rg2+ 36. Kh1 Rh2+ 0-1

[Event "Mechanics' Spring TNM; G/2 d5"]
[Site "San Francisco"]
[Date "2018.04.10"]
[Round "4.17"]
[White "Argo, Guy"]
[Black "Campers Jr, Willie"]
[Result "1/2-1/2"]
[WhiteElo "1951"]
[BlackElo "1689"]
[Annotator "Donaldson"]
[PlyCount "109"]
[EventDate "2018.??.??"]
[Source "ChessBase"]
[SourceDate "2007.09.04"]

1. e4 e6 2. d4 d5 3. e5 c5 4. c3 Nc6 5. Nf3 Qb6 6. a3 a5 7. b3 Bd7 8. Be2 cxd4
9. cxd4 Nge7 10. O-O Nf5 11. Bb2 Rc8 12. g4 Nh6 13. Ne1 Be7 14. f4 f5 15. g5
Nf7 16. Nf3 g6 17. Nbd2 Kd8 18. Kf2 Be8 19. Rc1 h6 20. h4 hxg5 21. hxg5 Na7 22.
Rh1 Rxh1 23. Rxc8+ Kxc8 24. Qxh1 Nb5 25. Bxb5 Qxb5 26. Qh7 Kd7 27. Ke3 Qc6 28.
Ne1 Qb5 29. Nd3 b6 30. Qh1 Qc6 31. Qd1 Nd8 32. b4 Nb7 33. Qb3 Kd8 34. Bc3 a4
35. Qc2 Qc8 36. Nb2 Qc6 37. Nb1 Qb5 38. Qd1 Qa6 39. Bd2 b5 40. Nc3 Qc6 41. Qh1
Kd7 42. Qf1 Kc7 43. Qh3 Nd8 44. Qh7 Kd7 45. Nd3 Bf7 46. Nc5+ Bxc5 47. dxc5 Ke7
(47... d4+ 48. Kxd4 Qf3 49. Be3 Qf1 50. Bd2 Qf3 $11) 48. Kd4 Qd7 49. Qg7 Nc6+
50. Kd3 Nd8 51. Qf6+ Ke8 52. Be3 Nc6 53. Qh8+ Ke7 54. Ne2 (54. Bd4) 54... d4 $1
55. Nxd4 1/2-1/2

[Event "Mechanics' Spring TNM; G/2 d5"]
[Site "San Francisco"]
[Date "2018.05.01"]
[Round "7.14"]
[White "Argo, Guy"]
[Black "Cendejas, Juan Rod"]
[Result "1-0"]
[WhiteElo "1951"]
[BlackElo "1716"]
[PlyCount "48"]
[EventDate "2018.??.??"]
[Source "ChessBase"]
[SourceDate "2007.09.04"]

1. e4 e5 2. f4 d5 3. exd5 e4 4. d3 Qxd5 5. Nc3 Bb4 6. Bd2 Bxc3 7. Bxc3 Nf6 8.
dxe4 Qxe4+ 9. Qe2 Bg4 10. Qxe4+ Nxe4 11. Bxg7 Rg8 12. Be5 Kd8 13. Bd3 f5 14.
Bxe4 fxe4 15. h3 Bh5 16. g4 Bf7 17. O-O-O+ Nd7 18. Ne2 Ke7 19. Bxc7 Bxa2 20.
Bd6+ Kf7 21. b3 Rgc8 22. Kb2 a5 23. Nc3 Rc6 24. Nxa2 a4 1-0

[Event "Mechanics' Spring TNM; G/2 d5"]
[Site "?"]
[Date "2018.04.17"]
[Round "5.16"]
[White "Argo, Guy"]
[Black "Chalissery, Jossy"]
[Result "1-0"]
[WhiteElo "1951"]
[BlackElo "1680"]
[Annotator "Argo,Guy"]
[PlyCount "39"]
[EventDate "2018.??.??"]
[Source "ChessBase"]
[SourceDate "2007.09.04"]

1. e4 b6 {(B00 Owen Defense)} 2. d4 Bb7 3. Bd3 e6 4. c3 Nf6 5. Qe2 Be7 6. f4 c5
7. Nf3 d5 $6 ({Best move was} 7... O-O) 8. e5 Nfd7 9. O-O g6 $6 (9... O-O {
was better.}) 10. Ng5 $6 (10. g4 {was more accurate.}) 10... h6 $4 (10... cxd4
{avoids the mayhem.}) 11. Nxe6 fxe6 $4 (11... Qc8 {was a better try.}) 12.
Bxg6+ Kf8 13. f5 exf5 $6 (13... Kg7 {held out longer.}) 14. Bxf5 $6 (14. Rxf5+
{was more accurate.}) 14... Nf6 $2 (14... Bf6) 15. Be6 Kg7 $2 {
Checkmate is now unavoidable} 16. exf6+ Bxf6 17. Qg4+ Bg5 18. Rf7+ Kg6 19. h4 (
19. Qf5+ Kh5 20. Rg7) 19... h5 20. Qf5+ 1-0

[Event "Mechanics' Shipman TNM; G/2 d/5"]
[Site "San Francisco"]
[Date "2018.08.14"]
[Round "2.19"]
[White "Argo, Guy"]
[Black "Donaldson, Kyle"]
[Result "0-1"]
[WhiteElo "1938"]
[BlackElo "1531"]
[Annotator "Donaldson"]
[PlyCount "58"]
[EventDate "2018.??.??"]
[Source "ChessBase"]
[SourceDate "2007.09.04"]

1. e4 c5 2. d4 cxd4 3. c3 dxc3 4. Nxc3 Nc6 5. Nf3 d6 6. Bc4 Nf6 7. e5 dxe5 8.
Qxd8+ Nxd8 9. Nb5 Ne6 (9... Rb8) 10. Bxe6 Bxe6 11. Nc7+ Kd7 12. Nxa8 Kc8 13.
Nxe5 (13. Ng5 $18) (13. Be3 Kb8 14. O-O-O $18) 13... Kb8 14. O-O (14. Be3 Kxa8
15. Rc1 Kb8 16. Bf4) 14... Kxa8 15. Rd1 b6 16. f4 $6 (16. a4) 16... g6 17. Rd8+
Kb7 18. f5 $2 (18. Bd2) 18... gxf5 19. Bh6 Bg7 $1 20. Rxh8 Bxh8 $11 21. Bc1 $2
(21. Rd1) 21... Ne4 22. Nf3 (22. Bf4) 22... Bd5 23. a4 a5 24. Ra3 Nc5 $19 25.
Be3 Bxb2 26. Bxc5 bxc5 27. Rd3 Kc6 28. Nd2 c4 29. Rh3 c3 0-1

[Event "Mechanics' Bedjanian TNM; G/2 d/5"]
[Site "San Francisco"]
[Date "2018.12.18"]
[Round "9.6"]
[White "Argo, Guy"]
[Black "Fuentes, Romulo"]
[Result "0-1"]
[WhiteElo "1912"]
[BlackElo "2200"]
[Annotator "Winslow,Elliott"]
[PlyCount "54"]
[EventDate "2018.??.??"]
[Source "ChessBase"]
[SourceDate "2007.09.04"]

1. d4 Nf6 2. c4 e5 3. dxe5 Ng4 4. e4 Nxe5 5. f4 Nec6 6. a3 Bc5 7. Nf3 a5 8. Nc3
O-O 9. Bd3 d6 10. h3 Re8 11. Kf1 Nd4 12. Nxd4 Bxd4 13. Ne2 Bc5 14. Bd2 Nc6 15.
Bc3 Qh4 16. Qe1 Qe7 17. Qg3 f6 18. Qf3 Qf7 19. b3 Bd7 20. g4 a4 21. b4 Bb6 $16
22. Rc1 Ne7 23. h4 $6 {Hard to resist another pawn on the 4th...} (23. Bb2) (
23. Ba1) (23. Ng3) 23... c6 24. h5 $2 {Too far} h6 $2 (24... d5 $1 {
Black would love to get to e3} 25. c5 Bc7 26. h6 (26. f5 $1 dxe4 27. Bxe4 Nd5
28. Bd4 ({or} 28. Bd2 {keeping an eye on that place})) 26... dxe4 27. Bxe4 $6 (
27. Qxe4 Nf5) 27... f5 $1) 25. Ng3 $2 (25. Bd2) (25. f5) 25... d5 $1 $11 26. c5
(26. cxd5 cxd5 27. e5) 26... dxe4 {[#]} (26... Bc7 $1) 27. Qxe4 $4 (27. Nxe4
$14) 27... Nf5 {Actually one scoresheet stops after 27.Qxe4, while the other
one runs through move 30, but is incomprehensible. So I assume and stop.} 0-1

[Event "Mechanics' Winter TNM; G/2 d5"]
[Site "San Francisco"]
[Date "2018.01.09"]
[Round "1.17"]
[White "Argo, Guy"]
[Black "Harris, Clarence"]
[Result "1-0"]
[WhiteElo "1951"]
[BlackElo "1407"]
[PlyCount "29"]
[EventDate "2018.??.??"]
[Source "ChessBase"]
[SourceDate "2007.09.04"]

1. e4 e5 2. f4 d5 3. exd5 e4 4. d3 Nf6 5. dxe4 Bg4 6. Qd4 c6 7. h3 Bd7 8. d6
Na6 9. Bxa6 Qa5+ 10. Nc3 Qxa6 11. e5 Nd5 12. Nxd5 cxd5 13. Qxd5 Bc6 14. Qd2
Bxg2 15. Qxg2 1-0

[Event "Mechanics' Bedjanian TNM; G/2 d/5"]
[Site "San Francisco"]
[Date "2018.11.27"]
[Round "6.10"]
[White "Argo, Guy"]
[Black "Holderness, Benjamin"]
[Result "1-0"]
[WhiteElo "1912"]
[BlackElo "1420"]
[PlyCount "73"]
[EventDate "2018.??.??"]
[Source "ChessBase"]
[SourceDate "2007.09.04"]

1. e4 e5 2. f4 exf4 3. Bc4 Nf6 4. Nc3 d6 5. d4 Nc6 6. Bxf4 Be7 7. Nf3 Bg4 8.
O-O O-O 9. Qd2 Qd7 10. Rae1 Rad8 11. a3 a6 12. Nd5 Nxd5 13. exd5 Na7 14. Bd3
Bf6 15. Bg5 Bxg5 16. Nxg5 h6 17. Nh7 Rfe8 18. Rxe8+ Rxe8 19. Nf6+ gxf6 20. Qxh6
f5 21. h3 f6 22. Qg6+ Kh8 23. hxg4 Rg8 24. Qxf6+ Qg7 25. Qh4+ Qh7 26. Qxh7+
Kxh7 27. gxf5 Kg7 28. f6+ Kf8 29. Bf5 Nb5 30. Rf4 Rg5 31. Be6 Rg6 32. c4 Na7
33. g4 a5 34. Kf2 Rh6 35. g5 Rh2+ 36. Kg3 Rxb2 37. Rh4 1-0

[Event "Mechanics' Winter TNM; G/2 d5"]
[Site "San Francisco"]
[Date "2018.02.20"]
[Round "7.9"]
[White "Argo, Guy"]
[Black "Ivanov, Aleksandr"]
[Result "1/2-1/2"]
[WhiteElo "1951"]
[BlackElo "2166"]
[PlyCount "88"]
[EventDate "2018.??.??"]
[Source "ChessBase"]
[SourceDate "2007.09.04"]

1. e4 e6 2. d4 d5 3. e5 c5 4. c3 Nc6 5. Nf3 Qb6 6. a3 f6 7. b4 cxd4 8. cxd4 Bd7
9. Bb2 Na5 10. Nbd2 Nc6 11. Bd3 Be7 12. Qb1 f5 13. Nb3 Nh6 14. Bc3 a6 15. Nc5
Qc7 16. Ke2 O-O 17. Rc1 Qc8 18. a4 Be8 19. b5 axb5 20. axb5 Nd8 21. Ba5 Qb8 22.
Bxd8 Bxc5 23. dxc5 Qxd8 24. Nd4 Bh5+ 25. Ke1 Qh4 26. Nxe6 Rae8 27. Nxf8 Rxe5+
28. Kd2 Qxf2+ 29. Kc3 d4+ 30. Kc4 Bf7+ 31. Kb4 Qd2+ 32. Ka4 Re8 33. Bc4 Rxf8
34. Qc2 Qxc2+ 35. Rxc2 Ra8+ 36. Kb4 Rxa1 37. c6 bxc6 38. bxc6 Ra8 39. c7 Bxc4
40. Rxc4 Rc8 41. Kb5 Nf7 42. Kb6 Kf8 43. Rxd4 Ke7 44. Kb7 Rf8 {
Komodo evaluates the position after 45.Kc6 as equal.} 1/2-1/2

[Event "Mechanics' Summer TNM; G/2 d/5"]
[Site "San Francisco"]
[Date "2018.06.17"]
[Round "8.6"]
[White "Argo, Guy"]
[Black "Kim, Isaiah"]
[Result "0-1"]
[WhiteElo "1940"]
[BlackElo "2063"]
[PlyCount "60"]
[EventDate "2018.??.??"]
[Source "ChessBase"]
[SourceDate "2007.09.04"]

1. f4 d5 2. Nf3 Nf6 3. g3 g6 4. Bg2 Bg7 5. O-O O-O 6. d3 Nbd7 7. Nc3 c6 8. e4
Qb6+ 9. Kh1 dxe4 10. dxe4 e5 11. Qe1 exf4 12. gxf4 Ng4 13. h3 Nh6 14. Rb1 Nf6
15. Be3 Qa5 16. Ng5 Nh5 17. Nf3 Be6 18. Nd4 Bc4 19. Rg1 Rad8 20. Nb3 Qc7 21.
Bf3 Nf6 22. f5 Rfe8 {[#]} 23. Qh4 Nxf5 24. Qf2 Nxe3 25. Qxe3 Nd5 26. Nxd5 cxd5
27. Qxa7 dxe4 28. Bg2 Qg3 29. Bf1 Qf3+ 30. Bg2 Qf4 0-1